| 000 | 01615cam a2200373 a 4500 | ||
|---|---|---|---|
| 001 | conversationwith00tril | ||
| 003 | CaSfIA | ||
| 005 | 20210117225751.0 | ||
| 007 | cr|||| | ||
| 008 | 861112t19871986nyu b 000 0 eng | ||
| 010 | _a 86029207 | ||
| 040 |
_aDLC _cDLC _dOCLCG _dYDXCP _dUBY _dITC _dCaSfIA |
||
| 020 | _a0824508068 | ||
| 020 | _a9780824508067 | ||
| 035 | _a(OCoLC)14903852 | ||
| 041 | 1 |
_aeng _hger |
|
| 050 | 0 | 0 |
_aBS2650.2 _b.T7413 1987 |
| 082 | 0 |
_a225.9/24 _219 |
|
| 100 | 1 | _aTrilling, Wolfgang. | |
| 240 | 1 | 0 |
_aMit Paulus im Gespräch. _lEnglish |
| 245 | 1 | 2 |
_aA conversation with Paul / _h[electronic resource] _cWolfgang Trilling ; [translated by John Bowden from the German]. |
| 246 | 1 | 8 | _aConversations with Paul |
| 260 |
_aNew York : _bCrossroad, _c1987, c1986. |
||
| 300 |
_ax, 116 p. ; _c22 cm. |
||
| 500 | _aTranslation of Mit Paulus im Gespräch. | ||
| 504 | _aBibliography: p. 114-116. | ||
| 630 | 0 | 0 |
_aBible. _pN.T. _pEpistles of Paul _xCriticism, interpretation, etc. |
| 600 | 0 | 0 |
_aPaul, _cthe Apostle, Saint. |
| 856 | 4 | 1 |
_uhttp://www.archive.org/details/conversationwith00tril _zFree eBook from the Internet Archive |
| 856 | 4 | 2 |
_uhttp://www.openlibrary.org/books/OL2734872M _zAdditional information and access via Open Library |
| 942 | _cEB | ||
| 506 | _fНеобхідна авторизація на https://archive.org/ (створення облікового запису безкоштовно) | ||
| 506 | _fНеобхідна авторизація на https://openlibrary.org/ (створення облікового запису безкоштовно) | ||
| 999 |
_c484167 _d484167 |
||